Карта среднего стока в бассейне Верхней Лены; АН СССР. Восточно-Сибирский филиал. Труды; Вып. 15

গ্রন্থ-পঞ্জীর বিবরন
Parent link:АН СССР. Восточно-Сибирский филиал. Труды
Вып. 15.— 1958.— С. 16-26
প্রধান লেখক: Лебедев И. В.
ভাষা:রুশ
প্রকাশিত: 1958
বিষয়গুলি:
বিন্যাস: MixedMaterials গ্রন্থের অধ্যায়
KOHA link:https://koha.lib.tpu.ru/cgi-bin/koha/opac-detail.pl?biblionumber=591752

MARC

LEADER 00000naa0a2200000 4500
001 591752
005 20250108155530.0
035 |a (RuTPU)RU\TPU\tpu\2448 
035 |a TPU00002448 
090 |a 591752 
100 |a 20011210d1958 k||y0rusy50 ca 
101 0 |a rus 
102 |a RU 
200 1 |a Карта среднего стока в бассейне Верхней Лены  |f И. В. Лебедев 
320 |a Библиогр.: с. 25-26. 
461 |t АН СССР. Восточно-Сибирский филиал. Труды 
463 |t Вып. 15  |v С. 16-26  |d 1958 
610 1 |a геолого-географические науки 
610 1 |a труды учёных ТПУ 
700 1 |a Лебедев  |b И. В. 
801 0 |a RU  |b 63413507  |c 20011210  |g PSBO 
801 2 |a RU  |b 63413507  |c 20060614  |g PSBO 
942 |c CR